| 000 | nam a22 a 4500 | ||
|---|---|---|---|
| 999 |
_c3417 _d3417 |
||
| 005 | 20170522162137.0 | ||
| 008 | 170522s2010 my ||||| |||| 00| 0 may d | ||
| 040 | _aAKMAL | ||
| 082 | _a352.448595 MJKD | ||
| 090 |
_a352.448595 MJKD _bMJKD |
||
| 245 | 1 | 0 |
_aProgram Transformasi Kastam Makmal T15 / _cJabatan Kastam Diraja Malaysia |
| 260 |
_aPutrajaya; _bJabatan Kastam Diraja Malaysia, _c2010 |
||
| 300 |
_a312mukasurat; _billustrasi; _c30cm |
||
| 650 | 1 | 0 |
_aCustoms Administration _xLaw and legislation _96000 |
| 710 | 1 | 0 |
_aJabatan Kastam Diraja Malaysia _9836 |
| 942 |
_2ddc _cBOOK |
||
| 950 | _lAKMAL | ||